Statistics for Top 18 party cities in Europe

Click here to take the quiz!

General Stats

  • This quiz has been taken 759 times
  • The average score is 9 of 18

Answer Stats

HintAnswer% Correct
18London
93%
2Paris
90%
3Berlin
87%
13Barcelona
84%
9Amsterdam
80%
1Prague
67%
17Istanbul
62%
7Dublin
61%
16Stockholm
60%
5Budapest
58%
14Ibiza
52%
12Belgrade
31%
10Krakow, Poland
27%
6Florence
25%
8Riga, Latvia
25%
4Mykonos, Greece
14%
11Lagos, Portugal
5%
15Pamplona, Spain
5%

Score Distribution

Percentile by Number Answered

Percent of People with Each Score

Your Score History

You have not taken this quiz